Visualizzazione normale
Vista MARC
- Morani, Moreno
di Personal Name
Records bibliografici associati: 1
001 - CONTROL NUMBER
- control field: 57188
003 - CONTROL NUMBER IDENTIFIER
- control field:
005 - DATE AND TIME OF LATEST TRANSACTION
- control field: 20180512173731.0
008 - FIXED-LENGTH DATA ELEMENTS
- fixed length control field: 180512|| aca||aabn | a|a d
040 ## - CATALOGING SOURCE
- Original cataloging agency:
- Transcribing agency:
100 ## - HEADING--PERSONAL NAME
- Personal name: Morani, Moreno
- Relator term: Jaeger, Gregorio di Nissa, Nemesio. Divagazioni sul settimo capitolo
670 ## - SOURCE DATA FOUND
- Source citation: Work cat.: ()0: 40553 Jaeger, Werner 1888-1961 autore, Cristianesimo primitivo e paideia greca /, 2013.